000 00323nam a22001337a 4500
008 170329b xxu||||| |||| 00| 0 eng d
020 _a0140037675
041 _aeng
080 _a616-053.2
100 _a8
101 _aSHM
245 _aHOW TO RECOGNIZE AND OVERCOME DYSLEXIA IN YOUR CHILD
_cSILVER, A.A
942 _2udc
_cBK
999 _c9058
_d9058